[Event "Titled Tuesday intern op 11th Feb Early"]
[Site "Chess.com INT"]
[Date "2025.02.11"]
[Round "3"]
[White "Aalto, Patrik"]
[Black "Ianocichin, Nicolai"]
[Result "1-0"]
[WhiteElo "2287"]
[BlackElo "2102"]
[PlyCount "41"]
[EventDate "2025.02.11"]
[EventType "swiss (blitz)"]
[EventRounds "11"]
[EventCountry "USA"]
[SourceTitle "CB08_2025"]
[SourceDate "2025.02.19"]
[SourceVersion "1"]
[SourceVersionDate "2025.02.19"]
[SourceQuality "1"]

1. c4 c5 2. Nf3 Nf6 3. d4 cxd4 4. Nxd4 b6 5. e4 Nxe4 6. g3 Bb7 7. Bg2 Qc8 8. 0-0 Qxc4 9. Be3 d5 10. Na3 Qb4 11. Nab5 Na6 12. a3 Qc4 13. Rc1 Rc8 14. Rxc4 Rxc4 15. Nxa7 e5 16. Ndb5 d4 17. b3 Rc5 18. Nxd4 Nc3 19. Qd3 Bxg2 20. Kxg2 e4 21. Qxa6 1-0

[Event "Titled Tuesday intern op 11th Feb Early"]
[Site "Chess.com INT"]
[Date "2025.02.11"]
[Round "9"]
[White "Aalto, Patrik"]
[Black "Stankovic, Milos"]
[Result "1-0"]
[WhiteElo "2287"]
[BlackElo "2442"]
[PlyCount "93"]
[EventDate "2025.02.11"]
[EventType "swiss (blitz)"]
[EventRounds "11"]
[EventCountry "USA"]
[SourceTitle "CB08_2025"]
[SourceDate "2025.02.19"]
[SourceVersion "1"]
[SourceVersionDate "2025.02.19"]
[SourceQuality "1"]

1. c4 e5 2. g3 c6 3. Nf3 e4 4. Nd4 d5 5. d3 Bb4+ 6. Bd2 Qe7 7. Bg2 Nf6 8. 0-0 0-0 9. Nc3 Bg4 10. h3 Bh5 11. cxd5 cxd5 12. dxe4 Bxc3 13. Bxc3 Nxe4 14. Nf5 Qd7 15. Qxd5 Nxc3 16. Qe5 Nxe2+ 17. Kh2 f6 18. Ne7+ Kh8 19. Qxh5 Qxe7 20. Rfe1 Nxg3 21. Rxe7 Nxh5 22. Bxb7 Na6 23. Bxa6 Rad8 24. Rae1 Nf4 25. Rxa7 Rd2 26. Ree7 Nh5 27. Re2 Rd4 28. Rb7 Nf4 29. Rc2 h5 30. Rb3 Rfd8 31. Bf1 Rd2 32. Rbc3 Rd1 33. Bg2 Kh7 34. a4 g5 35. a5 Ra1 36. Rc5 Rdd1 37. b4 Nxg2 38. Kxg2 g4 39. hxg4 hxg4 40. Kg3 Rd4 41. Rc7+ Kg6 42. R7c5 Rg1+ 43. Kh2 Rdd1 44. a6 f5 45. Rc6+ Kg5 46. f4+ Kh4 47. Rh6# 1-0

[Event "Titled Tuesday intern op 26th Nov Late"]
[Site "Chess.com INT"]
[Date "2024.11.26"]
[Round "7"]
[White "Aalto, Patrik"]
[Black "Gabr, Mohsen"]
[Result "1-0"]
[WhiteElo "2284"]
[BlackElo "2200"]
[PlyCount "87"]
[EventDate "2024.11.26"]
[EventType "swiss (blitz)"]
[EventRounds "11"]
[EventCountry "USA"]
[SourceTitle "CB49_2024"]
[SourceDate "2024.12.04"]
[SourceVersion "1"]
[SourceVersionDate "2024.12.04"]
[SourceQuality "1"]

1. c4 e6 2. g3 d5 3. Bg2 d4 4. Nf3 c5 5. 0-0 Nc6 6. e3 Nf6 7. exd4 cxd4 8. d3 a5 9. Na3 Bc5 10. Nb5 0-0 11. Bf4 Nd7 12. Re1 f6 13. Bd6 Re8 14. a3 a4 15. b4 axb3 16. Qxb3 e5 17. Bxc5 Nxc5 18. Qc2 Bf5 19. Red1 h6 20. Nh4 Bh7 21. Bd5+ Kh8 22. Qe2 Na5 23. Bf7 Qd7 24. Ng6+ Bxg6 25. Bxg6 Re7 26. Rab1 Nc6 27. h4 Na4 28. h5 Na7 29. Rdc1 Nxb5 30. Rxb5 Nc3 31. Qb2 Nxb5 32. cxb5 Qd6 33. Qc2 Rd7 34. a4 Rdd8 35. Qc4 b6 36. Qf7 Qd7 37. Qb3 Rdc8 38. Re1 Qa7 39. Be4 Qxa4 40. Qe6 Rab8 41. Qf5 Kg8 42. Bd5+ Kf8 43. Qd7 Qb4 44. Qf7# 1-0

[Event "Titled Tuesday intern op 20th Aug Early"]
[Site "Chess.com INT"]
[Date "2024.08.20"]
[Round "11"]
[White "Fabris, Alberto"]
[Black "Aalto, Patrik"]
[Result "0-1"]
[WhiteElo "2230"]
[BlackElo "2282"]
[PlyCount "78"]
[EventDate "2024.08.20"]
[EventType "swiss (blitz)"]
[EventRounds "11"]
[EventCountry "USA"]
[SourceTitle "EXT 2025"]
[Source "ChessBase"]
[SourceDate "2024.10.14"]
[SourceVersion "1"]
[SourceVersionDate "2024.10.14"]
[SourceQuality "1"]

1. e4 c5 2. Nf3 e6 3. d4 cxd4 4. Nxd4 Nc6 5. Nxc6 bxc6 6. c4 Nf6 7. Nc3 Bb4 8. Bd3 e5 9. 0-0 Bxc3 10. bxc3 0-0 11. Ba3 d6 12. Qe2 c5 13. Bc1 h6 14. h3 Be6 15. Be3 Nd7 16. f4 exf4 17. Bxf4 Ne5 18. Rad1 Qe7 19. Rf2 Rab8 20. Qf1 Rb6 21. Rfd2 Ra6 22. Be2 f6 23. Bxe5 dxe5 24. Bg4 Bxg4 25. hxg4 Qe6 26. Qe2 Ra4 27. Rd5 Rc8 28. Rb1 Qa6 29. Rd7 Rxa2 30. Qd3 Ra1 31. Qd5+ Kh7 32. Rxa1 Qxa1+ 33. Kh2 Qe1 34. Qf7 Qh4+ 35. Kg1 Qe1+ 36. Kh2 Qh4+ 37. Kg1 Qxg4 38. Rxa7 Rd8 39. Kh2 Rd2 0-1

[Event "Titled Tuesday intern op 23rd Jul Early"]
[Site "Chess.com INT"]
[Date "2024.07.23"]
[Round "2"]
[White "Aalto, Patrik"]
[Black "Csonka, Balazs"]
[Result "0-1"]
[WhiteElo "2258"]
[BlackElo "2473"]
[PlyCount "62"]
[EventDate "2024.07.23"]
[EventType "swiss (blitz)"]
[EventRounds "11"]
[EventCountry "USA"]
[SourceTitle "EXT 2025"]
[Source "ChessBase"]
[SourceDate "2024.10.14"]
[SourceVersion "1"]
[SourceVersionDate "2024.10.14"]
[SourceQuality "1"]

1. c4 c5 2. Nf3 Nc6 3. d4 cxd4 4. Nxd4 Nf6 5. Nc3 e6 6. g3 d5 7. cxd5 exd5 8. Bg2 Bc5 9. Nb3 Bb6 10. 0-0 d4 11. Na4 0-0 12. Nxb6 axb6 13. Bxc6 bxc6 14. Qxd4 c5 15. Qxd8 Rxd8 16. Bg5 Be6 17. Rfd1 Rxd1+ 18. Rxd1 h6 19. Bxf6 gxf6 20. Nc1 Bxa2 21. Rd6 Be6 22. Kg2 c4 23. e3 b5 24. Rb6 Bd7 25. Rd6 Be8 26. Rxf6 Ra1 27. Ne2 Ra2 28. Nf4 Rxb2 29. Nd5 b4 30. Rb6 c3 31. Rxb4 Bc6 0-1

[Event "Titled Tuesday intern op 16th Jul Late"]
[Site "Chess.com INT"]
[Date "2024.07.16"]
[Round "5"]
[White "Aalto, Patrik"]
[Black "Adewumi, Tanitoluwa"]
[Result "0-1"]
[WhiteElo "2258"]
[BlackElo "2386"]
[PlyCount "110"]
[EventDate "2024.07.16"]
[EventType "swiss (blitz)"]
[EventRounds "11"]
[EventCountry "USA"]
[SourceTitle "EXT 2025"]
[Source "ChessBase"]
[SourceDate "2024.10.14"]
[SourceVersion "1"]
[SourceVersionDate "2024.10.14"]
[SourceQuality "1"]

1. d4 Nf6 2. c4 e6 3. g3 d5 4. Bg2 Bb4+ 5. Nd2 0-0 6. Ngf3 b6 7. 0-0 Bb7 8. Ne5 a5 9. Qc2 c5 10. a3 Bxd2 11. Qxd2 Nbd7 12. Nxd7 Qxd7 13. dxc5 bxc5 14. cxd5 exd5 15. Qc2 Rfe8 16. Bf4 Rac8 17. Rfd1 d4 18. Rac1 Bxg2 19. Kxg2 g5 20. Bd2 Rxe2 21. Qd3 Qd5+ 22. Qf3 Re4 23. h3 h5 24. Kh2 Rc6 25. Re1 g4 26. Qg2 gxh3 27. Qxh3 Ng4+ 28. Kg1 Rf6 29. Bf4 d3 30. Rxe4 Qxe4 31. Qxh5 Qf3 32. Qxc5 Rxf4 33. Qg5+ Kh7 34. Qxf4 d2 35. Qxf3 dxc1Q+ 36. Kg2 Qg5 37. Qxf7+ Kh6 38. Qf8+ Kh7 39. Qf7+ Kh6 40. Qf8+ Kh5 41. Qf7+ Qg6 42. Qd5+ Kh6 43. Qxa5 Qc6+ 44. Kf1 Qh1+ 45. Ke2 Qe4+ 46. Kd2 Qd4+ 47. Kc2 Nxf2 48. Qa6+ Kh5 49. Qe2+ Kg6 50. Qa6+ Kg7 51. Qe2 Ne4 52. Kb1 Nd2+ 53. Ka2 Qd5+ 54. Ka1 Qh1+ 55. Ka2 Qb1# 0-1

[Event "Titled Tuesday intern op 16th Jul Late"]
[Site "Chess.com INT"]
[Date "2024.07.16"]
[Round "1"]
[White "Aalto, Patrik"]
[Black "Moroni, Luca Jr"]
[Result "0-1"]
[WhiteElo "2258"]
[BlackElo "2558"]
[PlyCount "60"]
[EventDate "2024.07.16"]
[EventType "swiss (blitz)"]
[EventRounds "11"]
[EventCountry "USA"]
[SourceTitle "EXT 2025"]
[Source "ChessBase"]
[SourceDate "2024.10.14"]
[SourceVersion "1"]
[SourceVersionDate "2024.10.14"]
[SourceQuality "1"]

1. d4 g6 2. e4 Bg7 3. Nc3 a6 4. Be3 b5 5. h4 h5 6. Bd3 Bb7 7. Nf3 d6 8. Qd2 Nd7 9. 0-0-0 e6 10. Bg5 Ne7 11. Ne2 c5 12. c3 cxd4 13. Nexd4 Nc5 14. Rhe1 0-0 15. Kb1 Qc7 16. Rc1 Rac8 17. Bc2 Nc6 18. Bh6 Ne5 19. Bxg7 Kxg7 20. Qg5 Ned3 21. g4 Nxe1 22. Rxe1 Qd8 23. Qxd8 Rfxd8 24. gxh5 gxh5 25. Rg1+ Kf6 26. Ng5 Ke7 27. f4 Rg8 28. Re1 f6 29. Ngf3 Rg3 30. f5 e5 0-1

[Event "Titled Tuesday intern op 25th Jun Early"]
[Site "Chess.com INT"]
[Date "2024.06.25"]
[Round "3"]
[White "Aalto, Patrik"]
[Black "Borgaonkar, Akshay"]
[Result "1-0"]
[WhiteElo "2286"]
[BlackElo "2378"]
[PlyCount "137"]
[EventDate "2024.06.25"]
[EventType "swiss (blitz)"]
[EventRounds "11"]
[EventCountry "USA"]
[SourceTitle "EXT 2025"]
[Source "ChessBase"]
[SourceDate "2024.10.14"]
[SourceVersion "1"]
[SourceVersionDate "2024.10.14"]
[SourceQuality "1"]

1. c4 Nf6 2. g3 g6 3. Bg2 Bg7 4. Nf3 0-0 5. d4 d6 6. 0-0 Nc6 7. Nc3 Rb8 8. b3 a6 9. Nd5 e5 10. dxe5 Nxd5 11. cxd5 Nxe5 12. Nxe5 Bxe5 13. Bh6 Re8 14. Rc1 b6 15. Qc2 Rb7 16. e4 Bd7 17. f4 Bd4+ 18. Kh1 Qc8 19. Rcd1 Bh8 20. e5 Bh3 21. e6 Bxg2+ 22. Qxg2 fxe6 23. dxe6 Rxe6 24. f5 gxf5 25. Qd5 Be5 26. Rxf5 Rb8 27. Rf8+ Qxf8 28. Bxf8 Rbe8 29. Rf1 c6 30. Qc4 d5 31. Qg4+ Rg6 32. Qf5 Rf6 33. Qg5+ Kf7 34. Qg7+ Ke6 35. Rxf6+ Bxf6 36. Qh6 Kf7 37. Bd6 d4 38. Qxh7+ Ke6 39. Qe4+ Kd7 40. Qf4 Re6 41. Bb8 d3 42. Qc7+ Ke8 43. Qc8+ Ke7 44. Qc7+ Ke8 45. Qf4 c5 46. Kg2 Bd4 47. Kh3 Kd7 48. Qf7+ Re7 49. Qd5+ Ke8 50. Qg8+ Kd7 51. Qd5+ Ke8 52. Bf4 Rh7+ 53. Kg2 Re7 54. Qg8+ Kd7 55. Qd5+ Ke8 56. Qh5+ Kd7 57. Qd1 Re2+ 58. Kh3 Rxa2 59. Qxd3 Kc6 60. Qe4+ Kb5 61. Qd3+ Kc6 62. Be3 Bxe3 63. Qxe3 a5 64. g4 b5 65. g5 b4 66. g6 c4 67. g7 c3 68. g8Q Rd2 69. Qc4+ 1-0

[Event "Titled Tuesday intern op 25th Jun Late"]
[Site "Chess.com INT"]
[Date "2024.06.25"]
[Round "3"]
[White "Aalto, Patrik"]
[Black "Paravyan, David"]
[Result "1/2-1/2"]
[WhiteElo "2286"]
[BlackElo "2610"]
[PlyCount "130"]
[EventDate "2024.06.25"]
[EventType "swiss (blitz)"]
[EventRounds "11"]
[EventCountry "USA"]
[SourceTitle "EXT 2025"]
[Source "ChessBase"]
[SourceDate "2024.10.14"]
[SourceVersion "1"]
[SourceVersionDate "2024.10.14"]
[SourceQuality "1"]

1. c4 e5 2. g3 Nf6 3. Bg2 d5 4. cxd5 Nxd5 5. Nc3 Nb6 6. Nf3 Nc6 7. 0-0 Be7 8. d3 0-0 9. Rb1 a5 10. Be3 Be6 11. Rc1 f6 12. Na4 Bxa2 13. Nxb6 cxb6 14. b3 b5 15. Ra1 Nb4 16. Bd2 Qc7 17. Qc1 Qxc1 18. Rfxc1 Bxb3 19. Rc7 Bd6 20. Rxb7 Bd5 21. Rxb5 Bc6 22. Rbxa5 Rxa5 23. Rxa5 Rb8 24. h4 h5 25. Ra7 Bd5 26. Rd7 Bf8 27. Bxb4 Be6 28. Bxf8 Rb1+ 29. Kh2 Bxd7 30. Bc5 Rb2 31. Bf1 Rc2 32. Be3 Kf7 33. Nd2 Bc6 34. Bg2 Bd7 35. Bd5+ Kg6 36. Kg2 Bg4 37. Be4+ Kf7 38. d4 Rb2 39. dxe5 Bxe2 40. exf6 gxf6 41. Bf3 Bxf3+ 42. Kxf3 Kg6 43. Ne4 Rb3 44. Nc5 Ra3 45. Ne4 Rb3 46. Nd2 Ra3 47. Kg2 Kf5 48. Nf3 Kg6 49. Nd4 Ra8 50. Ne6 Ra5 51. Nf4+ Kf7 52. Kf3 Rb5 53. g4 hxg4+ 54. Kxg4 Ra5 55. h5 Rg5+ 56. Kh4 Rg1 57. Nh3 Rh1 58. Kg3 Kg7 59. h6+ Kg6 60. Kg2 Rb1 61. Kg3 Rh1 62. Kg4 Rh2 63. Bf4 Rh1 64. Kg3 Rb1 65. Be3 Rh1 1/2-1/2

[Event "Titled Tuesday intern op 18th Jun Early"]
[Site "Chess.com INT"]
[Date "2024.06.18"]
[Round "2"]
[White "Gandhi, Shyam"]
[Black "Aalto, Patrik"]
[Result "0-1"]
[WhiteElo "1908"]
[BlackElo "2286"]
[PlyCount "100"]
[EventDate "2024.06.18"]
[EventType "swiss (blitz)"]
[EventRounds "11"]
[EventCountry "USA"]
[SourceTitle "EXT 2025"]
[Source "ChessBase"]
[SourceDate "2024.10.14"]
[SourceVersion "1"]
[SourceVersionDate "2024.10.14"]
[SourceQuality "1"]

1. d4 Nf6 2. Nc3 d5 3. Bf4 c5 4. e4 Nxe4 5. Nxe4 dxe4 6. dxc5 Qa5+ 7. Qd2 Qxd2+ 8. Bxd2 e5 9. Be3 Nc6 10. f3 Bf5 11. 0-0-0 Be7 12. g4 Bg6 13. h4 h5 14. g5 Rd8 15. Rxd8+ Kxd8 16. Bg2 exf3 17. Nxf3 Kc7 18. Rd1 f5 19. Nxe5 Nxe5 20. Bf4 Bxc5 21. Bxe5+ Kc8 22. Bd5 Re8 23. Bxg7 f4 24. Rf1 Re2 25. Bb3 Be3+ 26. Kd1 Rd2+ 27. Ke1 Bxc2 28. Bxc2 Rxc2 29. Be5 Rc5 30. Bxf4 Rc1+ 31. Ke2 Rxf1 32. Bxe3 Rh1 33. Bf2 Rb1 34. Bd4 Kd7 35. Kf3 Ke6 36. Kg3 Kf5 37. Bc3 a6 38. Kh3 Rd1 39. Kg3 Rd3+ 40. Kf2 Kg4 41. Ke2 Rd6 42. Be1 Re6+ 43. Kd2 Kf3 44. b3 Re2+ 45. Kd1 Rxa2 46. Bd2 Ra1+ 47. Kc2 Rg1 48. Kc3 Kg4 49. Be3 Rg3 50. Kd4 Rg2 0-1